| 000 | 02579cam a22005654a 4500 | ||
|---|---|---|---|
| 001 | muse33583 | ||
| 003 | MdBmJHUP | ||
| 005 | 20210127151040.0 | ||
| 006 | m o d | ||
| 007 | cr||||||||nn|n | ||
| 008 | 081103s2009 ohu o 00 0 eng d | ||
| 010 | _z 2008048102 | ||
| 020 | _a9780814271513 | ||
| 020 | _a0814271510 | ||
| 020 | _z9780814211007 (cloth : alk. paper) | ||
| 020 | _z0814211003 (cloth : alk. paper) | ||
| 020 | _z9780814291986 (CD-ROM) | ||
| 020 | _z0814291988 (CD-ROM) | ||
| 035 | _a(OCoLC)671558271 | ||
| 040 |
_aMdBmJHUP _cMdBmJHUP |
||
| 043 | _an-us--- | ||
| 050 | 0 | 4 |
_aML1711 _b.S46 2009 |
| 082 | 0 |
_a792.6089/96073 _222 |
|
| 100 | 1 | _aSeniors, Paula Marie. | |
| 245 | 1 | 0 |
_aBeyond Lift Every Voice and Sing _bThe Culture of Uplift, Identity, and Politics in Black Musical Theatre / _cPaula Marie Seniors. |
| 264 | 1 | _bOhio State University Press, | |
| 264 | 3 | _bProject MUSE, | |
| 300 |
_a1 online resource (xv, 292 p.) : _bill. ; |
||
| 490 | 0 | _aBlack performance and cultural criticism | |
| 504 | _aIncludes bibliographical references (p. 235-270) and index. | ||
| 505 | 0 | _aThe origins of the Cole and Johnson musical theater team -- Cole and Johnson's social and political thought : the case of Shoo fly regiment and the Spanish-American war -- Theatrical imaginings : Cole and Johnson's The shoo fly regiment -- The red moon : the interconnections between theater and history, the black and native Americanization program at Hampton Institute -- Cole and Johnson and the Gibson Gal : gender, race and uplift. | |
| 506 | 0 |
_aOpen Access _fUnrestricted online access _2star |
|
| 588 | _aDescription based on print version record. | ||
| 650 | 0 |
_aMusical theater _zUnited States _xHistory. |
|
| 650 | 0 |
_aAfrican Americans in musical theater _xHistory. |
|
| 600 | 1 | 1 |
_aCole, Bob, _d1868-1911. |
| 600 | 1 | 1 |
_aJohnson, J. Rosamond _q(John Rosamond), _d1873-1954. |
| 600 | 1 | 1 |
_aJohnson, James Weldon, _d1871-1938. |
| 655 | 7 |
_aElectronic books. _2local |
|
| 710 | 2 |
_aProject Muse. _edistributor |
|
| 830 | 0 | _aBook collections on Project MUSE. | |
| 856 | 4 | 0 |
_zFull text available: _uhttps://muse.jhu.edu/book/27774/ |
| 945 | _aProject MUSE - Archive Film, Theater and Performing Arts Supplement III | ||
| 945 | _aProject MUSE - Archive Complete Supplement III | ||
| 945 | _aProject MUSE - Archive American Studies Supplement II | ||
| 999 |
_c24421 _d24421 |
||